000
00204 a2200097 4500
001
41839
100
_a
245
_a
10 Lam-Creed & Practice
260
_a
_b
Ehsan Elahi Hashmi
_c
090
_c
25939
_d
25939
942
_a
NUST-CAE
_c
M
_c
17712
999
_c
276912
_d
276912